Reta kī dīvāra : (Record no. 66246)

MARC details
000 -LEADER
fixed length control field 00707cam a2200217 a 4500
001 - CONTROL NUMBER
control field sa 65009533
003 - CONTROL NUMBER IDENTIFIER
control field DLC
005 - DATE AND TIME OF LATEST TRANSACTION
control field 20260227112202.0
008 - FIXED-LENGTH DATA ELEMENTS--GENERAL INFORMATION
fixed length control field 840713s1960 ii 000 d hino
010 ## - LIBRARY OF CONGRESS CONTROL NUMBER
LC control number sa 65009533
040 ## - CATALOGING SOURCE
Original cataloging agency DLC
Transcribing agency DLC
050 00 - LIBRARY OF CONGRESS CALL NUMBER
Classification number PK2098.S2927
Item number R48 1960
100 1# - MAIN ENTRY--PERSONAL NAME
Personal name Śarmā, Rājendra Kumāra,
Dates associated with a name 1920-
245 10 - TITLE STATEMENT
Title Reta kī dīvāra :
Remainder of title hāsya-vyaṅgya se paripūrṇa tīna aṅkoṃ kā raṅgamañcīya nāṭaka /
Statement of responsibility, etc. lekhaka, Rājendrakumāra Śarmā.
246 1# - VARYING FORM OF TITLE
Display text Title on t.p. verso:
Title proper/short title Ret ki deevar
250 ## - EDITION STATEMENT
Edition statement 1. saṃskaraṇa.
260 ## - PUBLICATION, DISTRIBUTION, ETC.
Place of publication, distribution, etc. Dillī :
Name of publisher, distributor, etc. Ātmārāma eṇḍa Saṃsa,
Date of publication, distribution, etc. 1960.
300 ## - PHYSICAL DESCRIPTION
Extent 78 p. ;
Dimensions 19 cm.
500 ## - GENERAL NOTE
General note Play.
546 ## - LANGUAGE NOTE
Language note In Hindi.

No items available.

Powered by Koha